Stability and Complexity in Model Ecosystems : (Record no. 589038)

MARC details
000 -LEADER
fixed length control field 00487nam a2200181 a 4500
008 - FIXED-LENGTH DATA ELEMENTS--GENERAL INFORMATION
fixed length control field 250923s2001##################000#0#eng##
020 ## - INTERNATIONAL STANDARD BOOK NUMBER
ISBN 9780691088617
082 04 - DEWEY DECIMAL CLASSIFICATION NUMBER
Classification number 577.015
Item number MAY
245 10 - TITLE STATEMENT
Title Stability and Complexity in Model Ecosystems :
260 ## - PUBLICATION, DISTRIBUTION, ETC. (IMPRINT)
Name of publisher Princeton University Press,
Year of publication 2001.
300 ## - PHYSICAL DESCRIPTION
Number of Pages 300 pages
650 #0 - SUBJECT ADDED ENTRY--TOPICAL TERM
Topical Term Mathematics.
942 ## - ADDED ENTRY ELEMENTS (KOHA)
Koha item type English Books
Holdings
Withdrawn status Lost status Damaged status Not for loan Home library Current library Shelving location Date acquired Full call number Accession Number Price effective from Koha item type
        Anna Centenary Library Anna Centenary Library 5TH FLOOR, A WING 23.09.2025 577.015 MAY 165679 23.09.2025 English Books

Find us on the map